Cyclisme: Top 30 du Tour des Flandres 2024 - Statistiques

Statistiques générales
  • Ce quiz a été pris 153 fois
  • Le résultat moyen est 14 sur 30
Statistiques - réponses
Pos Equipe Coureur % Correct
1er Alpecin - Deceuninck Mathieu van der Poel
100%
22ème Lidl - Trek Mads Pedersen
83%
2ème Arkéa - B&B Hotels Luca Mozzato
77%
3ème UAE Team Emirates Nils Politt
72%
11ème Team Jayco AlUla Michael Matthews
67%
16ème Groupama-FDJ Valentin Madouas
67%
7ème Decathlon AG2R La Mondiale Team Oliver Naesen
64%
15ème Team Visma | Lease a Bike Tiesj Benoot
60%
9ème EF Education - EasyPost Alberto Bettiol
58%
5ème UAE Team Emirates Antonio Morgado
57%
19ème Tudor Pro Cycling Team Matteo Trentin
57%
12ème UAE Team Emirates Tim Wellens
57%
4ème UAE Team Emirates Mikkel Bjerg
55%
18ème Soudal Quick-Step Yves Lampaert
49%
8ème Israel - Premier Tech Dylan Teuns
47%
6ème INEOS Grenadiers Magnus Sheffield
46%
10ème Lidl - Trek Toms Skujins
41%
23ème Alpecin - Deceuninck Gianni Vermeersch
40%
26ème Movistar Team Iván García Cortina
36%
21ème Intermarché - Wanty Laurenz Rex
36%
24ème Uno-X Mobility Rasmus Tiller
30%
30ème Team Visma | Lease a Bike Tim Van Dijke
29%
17ème INEOS Grenadiers Joshua Tarling
26%
27ème Lotto Dstny Victor Campenaert
26%
14ème Q36.5 Pro Cycling Team Kamil Malecki
19%
25ème Intermarché - Wanty Mike Teunissen
17%
13ème Israel - Premier Tech Riley Sheehan
17%
28ème Arkéa - B&B Hotels Vincenzo Albanese
15%
20ème Team Jayco AlUla Max Walscheid
13%
29ème EF Education - EasyPost Owain Doull
7%
Aucun quiz correspondant
Distribution des résultats
% des personnes avec chaque résultat
Percentile par nombre de réponses
Votre historique - résultats
Vous n’avez pas pris ce quiz